| 000 | 00762nam a2200217 a 4500 | ||
|---|---|---|---|
| 003 | 0 | ||
| 005 | 20250313104600.0 | ||
| 008 | 080723s19uu xx 00 eng d | ||
| 050 |
_aPGS LB 3013 _b.Og35 2008 |
||
| 100 | _aOguro, Shota. | ||
| 245 |
_aClassroom behavior of students and teacher stress of SISC / _cShota Oguro. |
||
| 260 |
_aLas PiƱas City, Philippines : _bSouthville International School and Colleges, _c2008. |
||
| 300 |
_a26 pages : _billustrations ; _c28 cm. |
||
| 504 | _aIncludes bibliographical references. | ||
| 650 | _aClassroom management. | ||
| 650 |
_aProblem children _vBehavior. |
||
| 650 | _aTeacher-student relationships. | ||
| 650 | _aStress in teachers. | ||
| 650 | _aJob stress in teachers. | ||
| 942 |
_2lcc _cPASS |
||
| 999 |
_c97910 _d97910 |
||